000 00485nam a22001817a 4500
003 CEME
005 20210628205731.0
008 210204b xxu||||| |||| 00| 0 eng d
040 _c.
082 _a923.15491 JAF
100 _aJaffari, Syed Asif Jaw
_976877
245 _aQuam dey maa motherma fatima jinnah
260 _aLAHORE
_bMAQBOL ACADEMY
_c2003
300 _a239P
650 _aBIOGRAPHY-FATIMA JINNAH
_976878
700 _aJaffari, Syed Asif Jaw
_976877
942 _cBK
_2ddc
999 _c582186
_d582186